00591 2200229 4500001002100000005001500021008004100036020001800077035001900095041000700114082001400121090001400135100002000149245003100169250000600200260003400206300002600240650002100266990002800287990002300315990002300338INLIS00000000001329420241224114529241224||||||||| | ||| |||| || |  a979-96055-1-2 0010-1224013294 aid0 a340 SOE k a340 SOE k0 aWartini Soegeng00aKebangsaan Kapal Indonesia a1 aBandungbRefika Aditamac2003 aviii, 147 hlm.; 24 cm 0aIlmu-ilmu Sosial a12.10.16.20.01.2008.008 a05.17.01.01.01.002 a05.17.01.01.01.001